| 000 | 00682cam a22002533a 4500 | ||
|---|---|---|---|
| 001 | 24797 | ||
| 003 | PGUSA | ||
| 005 | 20140828083531.0 | ||
| 008 | 080310s2008||||xxu|||||s|||||000 | eng d | ||
| 040 |
_aPGUSA _beng |
||
| 042 | _adc | ||
| 050 | 4 | _aV | |
| 050 | 4 | _aD | |
| 100 | 1 |
_aStevens, William Oliver, _d1878-1955 |
|
| 245 | 1 | 2 |
_aA History of Sea Power _h[electronic resource] / _cWilliam Oliver Stevens |
| 260 |
_bProject Gutenberg, _c2008 |
||
| 506 | _aPublic domain in the USA. | ||
| 516 | _aElectronic text | ||
| 653 | _aNaval history | ||
| 653 | _aSea-power | ||
| 830 | 0 |
_aProject Gutenberg _v24797 |
|
| 856 | 4 | 0 | _uhttp://www.gutenberg.org/ebooks/24797 |
| 942 | _cEB | ||
| 999 |
_c254052 _d254052 |
||